|
|
|
|
| LEADER |
01790cas a2200253 a 4500 |
| 001 |
AALejournalIMF015369 |
| 008 |
230101c9999 xx r poo 0 0eng d |
| 020 |
|
|
|c 5.00 USD
|
| 020 |
|
|
|z 9781513587622
|
| 022 |
|
|
|a 1018-5941
|
| 040 |
|
|
|a BD-DhAAL
|c BD-DhAAL
|
| 100 |
1 |
|
|a Zhang, Zhongxia.
|
| 245 |
1 |
0 |
|a Emerging Market Heterogeneity :
|b Insights from Cluster and Taxonomy Analysis /
|c Zhongxia Zhang, Yuan Gao.
|
| 264 |
|
1 |
|a Washington, D.C. :
|b International Monetary Fund,
|c 2015.
|
| 300 |
|
|
|a 1 online resource (33 pages)
|
| 490 |
1 |
|
|a IMF Working Papers
|
| 500 |
|
|
|a <strong>Off-Campus Access:</strong> No User ID or Password Required
|
| 500 |
|
|
|a <strong>On-Campus Access:</strong> No User ID or Password Required
|
| 506 |
|
|
|a Electronic access restricted to authorized BRAC University faculty, staff and students
|
| 520 |
3 |
|
|a This paper studies growth patterns in Emerging Market Economies (EMs) from the perspective on clusters and taxonomies. First, it documents developments over the past five decades in EMs and uses a cluster analysis to better understand convergence and the investment-growth nexus. Second, it looks at the performance of EMs since 2000 and develops a taxonomy to classify countries according to their factor endowments as well as their real and financial external linkages. The taxonomy offers insights on growth dynamics pre and post the global financial crisis. Results highlight the high degree of heterogeneity in EMs and the need for more granular and targeted near and long-term policy advice.
|
| 538 |
|
|
|a Mode of access: Internet
|
| 700 |
1 |
|
|a Gao, Yuan.
|
| 830 |
|
0 |
|a IMF Working Papers; Working Paper ;
|v No. 2015/155
|
| 856 |
4 |
0 |
|z Full text available on IMF
|u http://elibrary.imf.org/view/journals/001/2015/155/001.2015.issue-155-en.xml
|z IMF e-Library
|